Vainqueur Elite 2 (Rugby à XV Féminin) - Statistiques

Statistiques générales
  • Ce quiz a été pris 6 fois
  • Le résultat moyen est 12 sur 20
Statistiques - réponses
Année Réponse % Correct
2019 Lyon OU
100%
2005 Montpellier HRC
100%
2012 Stade bordelais
100%
2023 Stade français
100%
2024 Stade rochelais
100%
2015 Stade toulousain
100%
2018 FC Grenoble
80%
2025 RC Toulon
80%
2014 AS Bayonne
60%
2017 AS Bayonne
60%
2006 Lille MRC
60%
2011 Lille MRC
60%
2007 RC Lons
40%
2016 AS Romagnat
20%
2010 CSM Gennevilliers
20%
2004 ESP Bruges Blanquefort
20%
2013 RCVRGP
20%
2008 RF Dijon Bourgogne
20%
2009 Saint-Orens RF
20%
2022 Valkyries Normandie RC
20%
Aucun quiz correspondant
Distribution des résultats
% des personnes avec chaque résultat
Percentile par nombre de réponses
Votre historique - résultats
Vous n’avez pas pris ce quiz